| 000 | 004340000a22001810004500 | ||
|---|---|---|---|
| 003 | MACL | ||
| 005 | 20160120142705.0 | ||
| 008 | 160120b xxu||||| |||| 00| 0 eng d | ||
| 040 |
_aMACL _cMACL |
||
| 041 | _aEnglish | ||
| 082 | _a100/GAW | ||
| 100 |
_aGawain, Shakti _933664 |
||
| 245 | _aCretive Visualization | ||
| 260 |
_bFull Circle _c2000 _aNew Delih |
||
| 350 | _a175 | ||
| 650 |
_aPhilosoPhy _933665 |
||
| 942 |
_cBK _k100/ _2ddc |
||
| 999 |
_c32827 _d32827 |
||